Mechanical Activation of Minerals /

Gespeichert in:
Bibliographische Detailangaben
1. Verfasser: Tkáčová, Klára (Verfasst von)
Format: Buch
Veröffentlicht: Bratislava : Veda, 1989
Tags: Tag hinzufügen
Keine Tags, Fügen Sie das erste Tag hinzu!

MARC

LEADER 00000nam a22000003a 4500
001 stu14877
005 20150617225800.1
008 ------s1989----cs----------------------d
040 |a STU  |b slo 
041 0
044 |a cs 
080 |a 548 
100 1 |a Tkáčová, Klára  |4 aut 
245 1 |a Mechanical Activation of Minerals /  |c [aut.]Tkáčová,Klára 
260 |a Bratislava :  |b Veda,  |c 1989 
300 |a 155 s :  |b Obr.,tab.,grafy,lit.,index 
996 |b C84786  |c C*84786  |l CCXXIII  |s P  |a 0  |w stu14877_0001